[Event "Kalamazoo Mini-Swiss.3"]
[Site "Kalamazoo, MI"]
[Date "1998.??.??"]
[Round "?"]
[White "Tuzeneu, Jim"]
[Black "Amante, T."]
[Result "0-1"]
[WhiteElo "1605"]
[BlackElo "1605"]
[PlyCount "72"]
[EventDate "1998.??.??"]

1. e4 e5 2. Nf3 Nc6 3. Bc4 h6 4. d4 exd4 5. Nxd4 Ne5 6. Be2 Nf6 7. Nd2 b6 8. f3
c5 9. Nf5 d5 10. Ne3 dxe4 11. Nxe4 Qxd1+ 12. Bxd1 Nxe4 13. fxe4 Bb7 14. Nd5 Bd6
15. Be2 O-O 16. Bd2 Rfe8 17. O-O-O Rad8 18. Bb5 Re6 19. Rhe1 a6 20. Be2 Bxd5
21. exd5 Rf6 22. Rf1 Rxf1 23. Rxf1 Be7 24. Bxa6 Rxd5 25. Bb7 Rd7 26. Be4 Nc4
27. Bc3 Ne3 28. Re1 Bg5 29. b3 Nxg2+ 30. Kb2 Nxe1 31. Bxe1 Re7 32. Bg3 Rxe4 33.
a4 Bf4 34. Bh4 g5 35. Bg3 Bxg3 36. hxg3 Rg4 0-1

[Event "Michigan Class A"]
[Site "Grand Rapids, MI"]
[Date "1998.??.??"]
[Round "?"]
[White "Turner, Keita"]
[Black "Solon, Nathan"]
[Result "1-0"]
[WhiteElo "1840"]
[BlackElo "1900"]
[PlyCount "49"]
[EventDate "1998.01.??"]

1. d4 Nf6 2. Nf3 c5 3. Bg5 Ne4 4. Bf4 Qb6 5. Nc3 f5 6. Nd5 Qa5+ 7. c3 d6 8.
dxc5 Qxc5 9. e3 e6 10. Nb4 Nxc3 11. Qb3 Ne4 12. Bd3 d5 13. a3 Qb6 14. Rc1 Nc6
15. O-O Bxb4 16. axb4 O-O 17. b5 Bd7 18. Qa3 e5 19. bxc6 exf4 20. cxd7 fxe3 21.
Bxe4 fxe4 22. fxe3 exf3 23. Rxf3 Rfd8 24. Qe7 h5 25. Qf7+ 1-0

[Event "U.S. Amateur North"]
[Site "Detroit, MI"]
[Date "1998.??.??"]
[Round "?"]
[White "Turner, Keita"]
[Black "Mahabir, Naresh"]
[Result "1-0"]
[WhiteElo "1900"]
[BlackElo "1605"]
[PlyCount "57"]
[EventDate "1998.05.??"]

{5/23} 1. e4 e5 2. Nf3 Nc6 3. d4 exd4 4. Bc4 d6 5. Nxd4 Nxd4 6. Qxd4 Be6 7. Nc3
Nf6 8. Bg5 Be7 9. Bxe6 fxe6 10. O-O-O e5 11. Qc4 Qd7 12. Bxf6 Bxf6 13. Nb5 Bd8
14. Qd5 Bg5+ 15. Kb1 Ke7 16. g3 Bf6 17. f4 exf4 18. gxf4 Rhd8 19. e5 dxe5 20.
Qc5+ Kf7 21. Rxd7+ Rxd7 22. fxe5 Rad8 23. a3 Be7 24. Qc4+ Ke8 25. Nxc7+ Rxc7
26. Qxc7 Rd7 27. Qc8+ Bd8 28. Rf1 Rc7 29. Rf8+ 1-0

[Event "U.S. Amateur North"]
[Site "Detroit, MI"]
[Date "1998.??.??"]
[Round "?"]
[White "Turner, Keita"]
[Black "Harlan, K."]
[Result "1-0"]
[WhiteElo "1900"]
[BlackElo "1725"]
[PlyCount "93"]
[EventDate "1998.05.??"]

{5/23} 1. e4 e5 2. Nf3 Nc6 3. d4 exd4 4. Bc4 Bc5 5. O-O Nf6 6. e5 d5 7. exf6
dxc4 8. Re1+ Be6 9. Ng5 Qxf6 10. Nxe6 fxe6 11. Qh5+ Kd7 12. Qxc5 Raf8 13. f3 g5
14. Bxg5 Qg6 15. Nd2 Rf5 16. Qxc4 Rxg5 17. Re2 Rg8 18. g4 Qf6 19. h3 Re5 20.
Rae1 Rxe2 21. Rxe2 Re8 22. Qd3 Qg6 23. Qxg6 hxg6 24. Ne4 Kc8 25. Kg2 e5 26. Ng5
Kd7 27. Ne4 Ke6 28. f4 Rf8 29. fxe5 Nxe5 30. Nc5+ Kd5 31. Rxe5+ Kxe5 32. Nd7+
Kf4 33. Nxf8 Ke3 34. Nxg6 Kd2 35. h4 Kxc2 36. Nf4 c5 37. h5 c4 38. h6 d3 39. h7
d2 40. Nd5 Kd3 41. Nc3 b5 42. h8=Q b4 43. Qh7+ Kd4 44. Qe4+ Kc5 45. Qd5+ Kb6
46. Qxd2 bxc3 47. Qxc3 1-0

[Event "Michigan Open"]
[Site "Flint, MI"]
[Date "1998.??.??"]
[Round "?"]
[White "Turgut, Tansel"]
[Black "Ward, Tom"]
[Result "1-0"]
[WhiteElo "2360"]
[BlackElo "2175"]
[PlyCount "33"]
[EventDate "1998.09.??"]

{9/6} 1. d4 Nf6 2. Nf3 e6 3. Bf4 c5 4. c3 cxd4 5. cxd4 Bb4+ 6. Nc3 Qa5 7. Qb3
O-O 8. a3 Nc6 9. Rc1 Be7 10. e3 b6 11. Bb5 Nd5 12. O-O Nxf4 13. exf4 Ba6 14. d5
exd5 15. Bxa6 Qxa6 16. Nxd5 Rac8 17. Rxc6 1-0

[Event "Michigan Open"]
[Site "Flint, MI"]
[Date "1998.??.??"]
[Round "?"]
[White "Turgut, Tansel"]
[Black "Smith, Michael R"]
[Result "1-0"]
[WhiteElo "2360"]
[BlackElo "2045"]
[PlyCount "69"]
[EventDate "1998.09.??"]

{9/5} 1. d4 Nf6 2. Nf3 e6 3. Bf4 b6 4. Nbd2 Bb7 5. e3 Be7 6. Bd3 d6 7. h3 Nbd7
8. O-O O-O 9. a4 Re8 10. e4 c5 11. c3 d5 12. e5 Ne4 13. Re1 cxd4 14. cxd4 Bb4
15. Re3 f5 16. exf6 Ndxf6 17. Be5 Nxd2 18. Nxd2 Bd6 19. Qe2 Bxe5 20. dxe5 Nd7
21. Nf3 a5 22. Nd4 Nc5 23. Bc2 Qh4 24. Qd2 Rf8 25. Rb1 Rf4 26. Nf3 Qe7 27. b4
axb4 28. Rxb4 Raf8 29. Rxb6 Nxa4 30. Qd3 Re4 31. Bxa4 Rxa4 32. Qb5 Ra1+ 33. Kh2
Ra7 34. Nd4 Rxf2 35. Rxe6 $138 1-0

[Event "Michigan Open"]
[Site "Flint, MI"]
[Date "1998.??.??"]
[Round "?"]
[White "Turgut, Tansel"]
[Black "Hahn, David"]
[Result "1-0"]
[WhiteElo "2360"]
[BlackElo "2175"]
[PlyCount "45"]
[EventDate "1998.09.??"]

{9/7} 1. d4 d6 2. Nf3 g6 3. Bf4 Bg7 4. e4 Nf6 5. Nbd2 O-O 6. Bc4 c6 7. c3 Nxe4
8. Nxe4 d5 9. Bb3 dxe4 10. Ng5 Nd7 11. Nxe4 Qa5 12. Qd2 c5 13. dxc5 Nxc5 14.
Nxc5 Qxc5 15. O-O Bf5 16. Qd5 Qb6 17. Be3 Qc7 18. Rfd1 b6 19. Qf3 Bd7 20. Bxf7+
Kh8 21. Qe4 Rad8 22. Qxe7 Qc8 23. Bd4 1-0

[Event "Michigan Class A"]
[Site "Grand Rapids, MI"]
[Date "1998.??.??"]
[Round "?"]
[White "Triplett, Thomas"]
[Black "Williams, Ron"]
[Result "1-0"]
[WhiteElo "1835"]
[BlackElo "1870"]
[PlyCount "113"]
[EventDate "1998.01.??"]

1. e4 c5 2. Nc3 Nc6 3. Nge2 e6 4. d4 cxd4 5. Nxd4 a6 6. Be3 Bb4 7. Nxc6 dxc6 8.
Qxd8+ Kxd8 9. O-O-O+ Ke7 10. Na4 b5 11. Nc5 Nf6 12. Be2 Nd7 13. Nd3 Bd6 14. f4
f6 15. Bh5 g6 16. Bf3 Bb7 17. Kb1 Rhc8 18. e5 Bb8 19. Nc5 Nxc5 20. Bxc5+ Ke8
21. exf6 Rc7 22. g4 Rf7 23. g5 Bxf4 24. h4 Rd8 25. Rxd8+ Kxd8 26. Rd1+ Kc7 27.
Be7 Bc8 28. Rd8 Bd7 29. Bg4 a5 30. Rf8 Rxf8 31. Bxf8 e5 32. Bc5 Be8 33. Be6 Bg3
34. f7 Bxf7 35. Bxf7 Bxh4 36. Be3 Kd6 37. Kc1 Ke7 38. Bg8 Kf8 39. Be6 Ke7 40.
Bg4 Kd6 41. Bf3 c5 42. Kd2 c4 43. b3 cxb3 44. cxb3 Ke6 45. Be4 Kd6 46. Kd3 Ke6
47. Bb7 Kd6 48. Ke4 Bg3 49. Bd5 Ke7 50. Bc6 b4 51. Kd5 Kf7 52. Bd7 Ke7 53. Be6
Kf8 54. Bc5+ Kg7 55. Be3 h5 56. gxh6+ Kh7 57. Bd2 1-0

[Event "Lansing Action Quads"]
[Site "Lansing, MI"]
[Date "1998.??.??"]
[Round "?"]
[White "Triplett, Thomas"]
[Black "Sundeen, David"]
[Result "1/2-1/2"]
[WhiteElo "1895"]
[BlackElo "1645"]
[PlyCount "34"]
[EventDate "1998.??.??"]

1. d4 Nf6 2. Nf3 g6 3. Bf4 Bg7 4. e3 O-O 5. Be2 d6 6. h3 Nbd7 7. c4 Re8 8. Nc3
e5 9. dxe5 dxe5 10. Bxe5 Nxe5 11. Nxe5 Qxd1+ 12. Rxd1 Rxe5 13. Nb5 Re7 14. Rd8+
Re8 15. Rd2 Re7 16. Rd8+ Re8 17. Rd2 Re7 1/2-1/2

[Event "Lansing Action Quads"]
[Site "Lansing, MI"]
[Date "1998.??.??"]
[Round "?"]
[White "Triplett, Thomas"]
[Black "Stark, John"]
[Result "1-0"]
[WhiteElo "1895"]
[BlackElo "1605"]
[PlyCount "67"]
[EventDate "1998.??.??"]

1. d4 d5 2. e3 Nf6 3. Bd3 e6 4. Nd2 c5 5. c3 Bd6 6. f4 Nc6 7. Ngf3 O-O 8. Ne5
Nd7 9. O-O f6 10. Qh5 h6 11. Qg6 f5 12. Qxe6+ Kh8 13. Qxd6 c4 14. Ng6+ Kh7 15.
Nxf8+ Qxf8 16. Qxf8 Nxf8 17. Bc2 Ng6 18. Nf3 Be6 19. Bd2 a5 20. b3 b5 21. bxc4
bxc4 22. Rab1 Nge7 23. Rb6 Bd7 24. Rfb1 g6 25. Be1 Nd8 26. Bh4 Nc8 27. Bxd8
Nxb6 28. Bxb6 Rg8 29. Bc5 Kh8 30. Bd6 g5 31. Be5+ Kh7 32. Rb7 Rd8 33. Bxf5+ Kg8
34. Bxd7 1-0

[Event "Michigan Class A"]
[Site "Grand Rapids, MI"]
[Date "1998.??.??"]
[Round "?"]
[White "Triplett, Thomas"]
[Black "Smith, Mike A"]
[Result "1/2-1/2"]
[WhiteElo "1835"]
[BlackElo "1945"]
[PlyCount "72"]
[EventDate "1998.01.??"]

1. e4 c6 2. d4 d5 3. e5 Bf5 4. Nc3 e6 5. g4 Bg6 6. Nge2 Be7 7. Nf4 Nd7 8. Be3
Bg5 9. Qd2 Bxf4 10. Bxf4 Ne7 11. O-O-O Qb6 12. Na4 Qc7 13. Be2 Nb6 14. Qa5 O-O
15. h4 Rac8 16. Nc5 Nd7 17. Qxc7 Rxc7 18. Bd2 Nxc5 19. dxc5 h6 20. h5 Be4 21.
f3 Bh7 22. Rdg1 b6 23. Be3 Rb8 24. b3 Kf8 25. Kb2 Ke8 26. Rd1 Kd7 27. Rd2 b5
28. Rd4 Rcc8 29. Bd2 Kc7 30. Ra1 a6 31. Ba5+ Kd7 32. Rad1 Re8 33. Kc1 Rf8 34.
Bb4 Ra8 35. Ba5 Rab8 36. Rg1 Rg8 {[Remainder illegible]} 1/2-1/2

[Event "Lansing Action Quads"]
[Site "Lansing, MI"]
[Date "1998.??.??"]
[Round "?"]
[White "Triplett, Thomas"]
[Black "Settle, R."]
[Result "1-0"]
[WhiteElo "1925"]
[BlackElo "1745"]
[PlyCount "49"]
[EventDate "1998.??.??"]

1. d4 f5 2. Nf3 d6 3. d5 Nf6 4. Bg5 g6 5. Bxf6 exf6 6. Nc3 Bh6 7. e3 Nd7 8. h4
Ne5 9. Qd2 Qe7 10. O-O-O a6 11. Kb1 Bd7 12. Nd4 O-O 13. Qe2 Rfe8 14. g3 c5 15.
Nf3 b5 16. Ka1 b4 17. Nxe5 fxe5 18. Nb1 e4 19. Bh3 Bg7 20. g4 Be5 21. Qd2 Qxh4
22. gxf5 Qf6 23. c3 bxc3 24. Nxc3 gxf5 25. Rc1 {[Remainder unavailable]} 1-0

[Event "Michigan Open"]
[Site "Flint, MI"]
[Date "1998.??.??"]
[Round "?"]
[White "Triplett, Thomas"]
[Black "Morris, Jewell"]
[Result "0-1"]
[WhiteElo "2015"]
[BlackElo "1810"]
[PlyCount "56"]
[EventDate "1998.09.??"]

{9/5} 1. e4 c6 2. d4 d5 3. e5 c5 4. dxc5 Qa5+ 5. Nc3 e6 6. Be3 Bxc5 7. Bxc5
Qxc5 8. Nf3 Nc6 9. Nb5 Qb6 10. Rb1 a6 11. Nd6+ Ke7 12. Nxc8+ Rxc8 13. c3 Nh6
14. Qd2 Rhd8 15. Qg5+ Kf8 16. Bd3 Kg8 17. O-O d4 18. Rfd1 dxc3 19. bxc3 Rxd3
20. Rdc1 Qd8 21. Qf4 Qd7 22. Qe4 Rd8 23. Nd4 Rd2 24. Nf3 Rxa2 25. Rd1 Qxd1+ 26.
Rxd1 Rxd1+ 27. Ne1 Raa1 28. Kf1 Rxe1+ 0-1

[Event "Lansing Action Quads"]
[Site "Lansing, MI"]
[Date "1998.??.??"]
[Round "?"]
[White "Triplett, Thomas"]
[Black "Lapinsky, W."]
[Result "1-0"]
[WhiteElo "1895"]
[BlackElo "1605"]
[PlyCount "37"]
[EventDate "1998.??.??"]

1. e4 e5 2. Nf3 Nc6 3. Bb5 a6 4. Ba4 Nf6 5. O-O Bc5 6. Nxe5 Nxe5 7. d4 Bb6 8.
dxe5 Nxe4 9. Qg4 Nxf2 10. Rxf2 Bxf2+ 11. Kxf2 O-O 12. Nc3 d6 13. Qg3 Re8 14.
Bxe8 Qxe8 15. Bf4 b5 16. exd6 c5 17. Re1 Be6 18. Nd5 Qc6 19. Ne7+ 1-0

[Event "Lansing Mini-Swiss.1"]
[Site "Lansing, MI"]
[Date "1998.??.??"]
[Round "?"]
[White "Triplett, Thomas"]
[Black "Hartwig, Thomas"]
[Result "1-0"]
[WhiteElo "1895"]
[BlackElo "2080"]
[PlyCount "107"]
[EventDate "1998.??.??"]

1. d4 Nf6 2. e3 d6 3. Nf3 Bg4 4. Be2 Nbd7 5. c4 c6 6. Nc3 e5 7. O-O Be7 8. e4
O-O 9. h3 Bxf3 10. Bxf3 h6 11. Be3 Ne8 12. Qd2 Bg5 13. Bg4 exd4 14. Qxd4 Bxe3
15. Qxe3 Nef6 16. Be2 Re8 17. Rad1 Nc5 18. Bf3 Qc7 19. Rfe1 Rad8 20. Qc1 a5 21.
b3 Re6 22. Qc2 Rde8 23. Rd4 Qe7 24. Bg4 Nxg4 25. hxg4 Rg6 26. f3 Ne6 27. Rd2
Nf4 28. Ne2 Qh4 29. Red1 Nxe2+ 30. Rxe2 Re5 31. Qd2 h5 32. f4 Re8 33. g5 Rge6
34. Qe3 f5 35. gxf6 Qxf6 36. Qf3 h4 37. Rde1 g5 38. f5 R6e7 39. Qg4 Kh7 40. g3
hxg3 41. Kg2 Rh8 42. Qxg3 Kg7 43. Rd1 Qe5 44. Rxd6 Qxg3+ 45. Kxg3 Rh6 46. Rxh6
Kxh6 47. e5 Re8 48. Kg4 b5 49. e6 bxc4 50. bxc4 Kg7 51. Kxg5 Rg8 52. Rd2 Kf8+
53. Kf6 Ke8 54. e7 1-0

[Event "Michigan Open"]
[Site "Flint, MI"]
[Date "1998.??.??"]
[Round "?"]
[White "Triplett, Thomas"]
[Black "Garrison, Ray"]
[Result "1/2-1/2"]
[WhiteElo "2015"]
[BlackElo "1820"]
[PlyCount "98"]
[EventDate "1998.09.??"]

{9/4} 1. e4 e6 2. d4 d5 3. Nd2 Nf6 4. e5 Nfd7 5. Bd3 c5 6. c3 Nc6 7. Ne2 Qb6 8.
Nf3 cxd4 9. cxd4 f6 10. exf6 Nxf6 11. O-O Bd6 12. Bf4 Bxf4 13. Nxf4 Qxb2 14.
Re1 O-O 15. Re2 Qb6 16. Nxe6 Re8 17. Rb1 Qa5 18. Rb5 Qa3 19. Nc7 Rxe2 20. Qxe2
Nxd4 21. Nxd4 Qc1+ 22. Qf1 Qxc7 23. Qb1 b6 24. Rb2 Qf4 25. Ne2 Qh4 26. g3 Qh5
27. Nf4 Qf3 28. Rb3 Qg4 29. Rb4 Qd7 30. Rd4 Qd6 31. Qd1 Bb7 32. Bc4 Rd8 33. Bb3
Qe5 34. Rd2 Rd6 35. Re2 Qf5 36. Re7 Bc6 37. Rxa7 Ne4 38. Bc2 g5 39. Bxe4 Qxe4
40. f3 Qe3+ 41. Kg2 gxf4 42. Qc2 Rg6 43. Rc7 Qc5 44. Qf5 Qf8 45. Rc8 Be8 46.
Qxd5+ Kg7 47. Qe5+ Kf7 48. Rc7+ Kg8 49. Rc8 Kf7 1/2-1/2

[Event "Lansing Mini-Swiss.1"]
[Site "Lansing, MI"]
[Date "1998.??.??"]
[Round "?"]
[White "Triplett, Thomas"]
[Black "Garrison, Ray"]
[Result "1-0"]
[WhiteElo "1925"]
[BlackElo "1800"]
[PlyCount "48"]
[EventDate "1998.??.??"]

1. Nf3 g6 2. e4 Bg7 3. d4 d6 4. Bd3 Nc6 5. c3 e5 6. Bg5 f6 7. Be3 Nh6 8. h3 f5
9. dxe5 dxe5 10. exf5 Bxf5 11. Bc2 Qe7 12. Bb3 Nf7 13. Nbd2 Bd7 14. Qc2 a5 15.
a4 O-O 16. Bc4 Kh8 17. O-O Nd6 18. Bc5 b6 19. Ba3 Bf5 20. Qd1 Rad8 21. Qe2 e4
22. Nh2 Ne5 23. Bd5 Qg5 24. Nxe4 Nxe4 {[Remainder illegible]} 1-0

[Event "Lansing Action Quads"]
[Site "Lansing, MI"]
[Date "1998.??.??"]
[Round "?"]
[White "Triplett, Thomas"]
[Black "Carl, Kevin"]
[Result "0-1"]
[WhiteElo "1895"]
[BlackElo "1605"]
[PlyCount "66"]
[EventDate "1998.??.??"]

1. d4 Nf6 2. Nf3 g6 3. Bf4 Bg7 4. e3 O-O 5. Be2 d6 6. h3 Nbd7 7. c4 Qe8 8. Nc3
c6 9. a4 e5 10. Bh2 Kh8 11. O-O Ng8 12. b4 Nh6 13. a5 f5 14. Rc1 Nf7 15. Rb1
Nf6 16. Qc2 e4 17. Nd2 g5 18. c5 d5 19. b5 Qe6 20. Rb2 Re8 21. Rfb1 Bh6 22.
bxc6 bxc6 23. Na2 f4 24. Nb4 fxe3 25. fxe3 g4 26. Nf1 gxh3 27. g3 Ng5 28. Qd1
Rf8 29. g4 Nf3+ 30. Bxf3 exf3 31. Qxf3 Nxg4 32. Qxh3 Nxh2 33. Qxe6 Nf3+ 0-1

[Event "Lansing Action Quads"]
[Site "Lansing, MI"]
[Date "1998.??.??"]
[Round "?"]
[White "Triplett, Thomas"]
[Black "Baze, Lineas"]
[Result "0-1"]
[WhiteElo "1895"]
[BlackElo "2135"]
[PlyCount "47"]
[EventDate "1998.??.??"]

1. Nf3 Nf6 2. d4 d5 3. e3 Bg4 4. c4 e6 5. Nc3 c6 6. Be2 Bxf3 7. Bxf3 Bb4 8.
cxd5 exd5 9. O-O O-O 10. a3 Bd6 11. e4 dxe4 12. Nxe4 Nxe4 13. Bxe4 Bxh2+ 14.
Kxh2 Qh4+ 15. Kg1 Qxe4 16. Re1 Qd5 17. Re5 Qd6 18. Bf4 Nd7 19. Re4 Qd5 20. Re3
Rae8 21. Rh3 c5 22. Qc2 Qe4 23. Qxe4 Rxe4 24. Bd6 {[Remainder unavailable]} 0-1

[Event "Lansing Action Quads"]
[Site "Lansing, MI"]
[Date "1998.??.??"]
[Round "?"]
[White "Triplett, Thomas"]
[Black "Baze, Lineas"]
[Result "0-1"]
[WhiteElo "1925"]
[BlackElo "2105"]
[PlyCount "63"]
[EventDate "1998.??.??"]

1. d4 Nf6 2. Nf3 g6 3. Bf4 d5 4. Nbd2 Bg7 5. h3 b6 6. e3 Bb7 7. Ne5 O-O 8. Be2
c5 9. O-O Nc6 10. c3 Rc8 11. Re1 a5 12. a4 Nb8 13. h4 Ba6 14. Bf3 Nc6 15. h5
gxh5 16. Bxh5 Nxh5 17. Qxh5 Nxe5 18. dxe5 Bd3 19. e4 d4 20. Nf3 f6 21. Rad1 Bc2
22. Rd2 Bxa4 23. cxd4 fxe5 24. Bxe5 Bxe5 25. Qxe5 Qd6 26. Qg5+ Qg6 27. Qxg6+
hxg6 28. d5 Kg7 29. Ne5 Rfd8 30. g3 g5 31. Nc4 Re8 32. Ne5 {[Remainder
unavailable]} 0-1

[Event "Michigan Class A"]
[Site "Grand Rapids, MI"]
[Date "1998.??.??"]
[Round "?"]
[White "Triplett, Thomas"]
[Black "Bauerle, Paul"]
[Result "0-1"]
[WhiteElo "1835"]
[BlackElo "1940"]
[PlyCount "60"]
[EventDate "1998.01.??"]

1. e4 d6 2. d4 g6 3. f4 Bg7 4. Nf3 Nf6 5. Bd3 O-O 6. O-O c5 7. d5 c4 8. Bxc4
Nxe4 9. Qe2 Bf5 10. Kh1 h5 11. Nh4 e6 12. Nxf5 exf5 13. Nd2 Re8 14. Nxe4 Rxe4
15. Qd3 Nd7 16. c3 Nc5 17. Qf3 Rxc4 18. Bd2 Ne4 19. Be1 Qb6 20. Rb1 Rc5 21. h3
Re8 22. g4 hxg4 23. hxg4 Rxd5 24. Rg1 fxg4 25. Rxg4 Rh5+ 26. Kg2 Qc6 27. Rh4
Rxh4 28. Bxh4 Qa4 29. Qd3 Nc5 30. Qd2 Qe4+ 0-1

[Event "Lansing Mini-Swiss.1"]
[Site "Lansing, MI"]
[Date "1998.??.??"]
[Round "?"]
[White "Triplett, Thomas"]
[Black "Ballicora, Miguel"]
[Result "1/2-1/2"]
[WhiteElo "1895"]
[BlackElo "2085"]
[PlyCount "98"]
[EventDate "1998.??.??"]

1. e4 c5 2. Nf3 Nc6 3. d4 cxd4 4. Nxd4 Nf6 5. Nc3 d6 6. Be2 e6 7. O-O Be7 8.
Nb3 O-O 9. Be3 a6 10. a4 b6 11. f4 Qc7 12. Bf3 Bb7 13. Qe1 Na5 14. Nxa5 bxa5
15. Qf2 Nd7 16. Nd1 Bc6 17. c3 Qb7 18. Qc2 Rab8 19. Rf2 Nf6 20. e5 dxe5 21.
Bxc6 Qxc6 22. fxe5 Ng4 23. Re2 Nxe5 24. Bf4 Qc5+ 25. Kh1 Bd6 26. Nf2 Nc4 27.
Ne4 Qc6 28. Nxd6 Nxd6 29. Rd1 Rbd8 30. Red2 Nb7 31. c4 f6 32. Rxd8 Rxd8 33.
Rxd8+ Nxd8 34. Qd3 Nb7 35. b3 g6 36. Bd2 Kf7 37. Qh3 h5 38. Qe3 g5 39. h4 gxh4
40. Qh6 Qe4 41. Qxh5+ Ke7 42. Bxa5 Nxa5 43. Qxa5 h3 44. Qc7+ Kf8 45. Qb8+ Kf7
46. Qc7+ Ke8 47. Qc8+ Ke7 48. Qc7+ Kf8 49. Qb8+ Kf7 1/2-1/2

[Event "Lansing Action Quads"]
[Site "Lansing, MI"]
[Date "1998.??.??"]
[Round "?"]
[White "Triplett, Thomas"]
[Black "Ballicora, Miguel"]
[Result "0-1"]
[WhiteElo "1895"]
[BlackElo "2085"]
[PlyCount "45"]
[EventDate "1998.??.??"]

1. e4 c5 2. Nf3 Nc6 3. d4 cxd4 4. Nxd4 Nf6 5. Nc3 d6 6. Bg5 e6 7. Be2 a6 8. Qd2
h6 9. Be3 Be7 10. O-O-O Bd7 11. f4 Rc8 12. g4 b5 13. a3 b4 14. axb4 Nxb4 15.
Bf3 g6 16. e5 dxe5 17. fxe5 Nh7 18. Bxh6 Ng5 19. Bg7 Rh3 20. Rhf1 Qb6 21. Nb3
Rd8 22. Qf4 Nxf3 23. Rxf3 0-1

[Event "Michigan Women's"]
[Site "Ann Arbor, MI"]
[Date "1998.??.??"]
[Round "?"]
[White "Trice, Shevonne"]
[Black "Zarzycki, Katherine"]
[Result "1-0"]
[WhiteElo "1605"]
[BlackElo "1605"]
[PlyCount "41"]
[EventDate "1998.12.??"]

1. e4 e5 2. Nf3 Nc6 3. Bc4 Bc5 4. d3 Nf6 5. Ng5 O-O 6. Bxf7+ Rxf7 7. Nxf7 Qf8
8. Ng5 d6 9. Nc3 Ng4 10. Qe2 Nd4 11. Qd2 Nxc2+ 12. Qxc2 Bxf2+ 13. Kd1 Ne3+ 14.
Bxe3 Bg4+ 15. Ne2 Bxe3 16. Qc4+ Kh8 17. h3 Bxe2+ 18. Kc2 Qf2 19. Kb3 a5 20.
Qxc7 g6 21. Qxh7# 1-0

[Event "Michigan Women's"]
[Site "Ann Arbor, MI"]
[Date "1998.??.??"]
[Round "?"]
[White "Trice, Shevonne"]
[Black "Artiaga, T."]
[Result "1-0"]
[WhiteElo "1605"]
[BlackElo "1605"]
[PlyCount "77"]
[EventDate "1998.12.??"]

1. e4 e5 2. Nf3 Nc6 3. Bc4 Bc5 4. d3 Nf6 5. Ng5 O-O 6. O-O b5 7. Bxf7+ Kh8 8.
Bb3 Na5 9. Nf7+ Rxf7 10. Bxf7 Qf8 11. Bd5 Nxd5 12. exd5 c6 13. Nc3 b4 14. Na4
Bd6 15. dxc6 dxc6 16. c3 bxc3 17. Nxc3 c5 18. Nd5 Bb7 19. Bd2 Bxd5 20. Bxa5 h5
21. Qxh5+ Kg8 22. Rfe1 Bf7 23. Qf3 Re8 24. Re4 Bd5 25. Qxf8+ Rxf8 26. Rg4 Be6
27. Rg6 Bf7 28. Rxd6 g5 29. h3 Kg7 30. Re1 Rb8 31. Rxe5 Rb5 32. Rxg5+ Kh7 33.
Bc3 a5 34. Rf5 Be8 35. Re5 Bg6 36. Bd2 Rxb2 37. Re7+ Kg8 38. Rd8+ Be8 39.
Rdxe8# 1-0

[Event "Kalamazoo Mini-Swiss.1"]
[Site "Kalamazoo, MI"]
[Date "1998.??.??"]
[Round "?"]
[White "Treacy, Joe"]
[Black "Russell, Scott"]
[Result "1-0"]
[WhiteElo "1605"]
[BlackElo "1605"]
[PlyCount "81"]
[EventDate "1998.??.??"]

1. e4 d5 2. exd5 Nf6 3. Bb5+ Nbd7 4. Nc3 a6 5. Be2 Nb6 6. d4 Nbxd5 7. Bd2 e6 8.
Nf3 Bd6 9. O-O O-O 10. Bd3 b5 11. a3 Bb7 12. Re1 Nf4 13. Bxf4 Bxf4 14. Ne4 Ng4
15. h3 Nh6 16. c3 f5 17. Nc5 Bxf3 18. Qxf3 Qd6 19. Rxe6 Bh2+ 20. Kh1 Qf4 21.
Qxf4 Bxf4 22. Rae1 Nf7 23. Re7 Ng5 24. h4 Nf7 25. Ne6 Bd6 26. Nxf8 Bxe7 27.
Rxe7 Kxf8 28. Rxc7 Nh6 29. f3 Re8 30. Kg1 Kg8 31. Kf1 f4 32. Ra7 Re3 33. Bc2
Kf8 34. Rxa6 Ng8 35. Ra8+ Kf7 36. Bb3+ Kg6 37. Rxg8 Kh5 38. Rxg7 Kxh4 39. Rg4+
Kh5 40. Bc2 h6 41. Bg6# 1-0

[Event "Michigan Amateur"]
[Site "Kalamazoo "]
[Date "1998.??.??"]
[Round "?"]
[White "Treacy, Joe"]
[Black "Moore, Martin"]
[Result "1/2-1/2"]
[WhiteElo "1660"]
[BlackElo "1665"]
[PlyCount "93"]
[EventDate "1998.07.??"]

{7/19} 1. e4 e5 2. Nf3 Nc6 3. Bb5 Nf6 4. O-O Bd6 5. Re1 a6 6. Ba4 O-O 7. c3 Re8
8. d4 b5 9. Bb3 Bb7 10. Nbd2 Na7 11. Bc2 c5 12. d5 Bc7 13. Nf1 d6 14. Ne3 Nc8
15. Nf5 Ne7 16. N3h4 Bc8 17. Bg5 Ng6 18. a4 b4 19. cxb4 cxb4 20. a5 Bxa5 21.
Nxd6 Qxd6 22. Rxa5 h6 23. Bxf6 Qxf6 24. Nf5 Nh4 25. Ng3 Qg5 26. Re3 Rf8 27. Qf1
f5 28. exf5 Bxf5 29. Nxf5 Nxf5 30. Bxf5 Rxf5 31. Rxa6 Rxa6 32. Qxa6 Qf4 33. Qe2
Qd4 34. Rd3 Rxf2 35. Qxf2 Qxd3 36. Qc5 Qb1+ 37. Kf2 Qxb2+ 38. Kg3 Qc3+ 39. Qxc3
bxc3 40. d6 c2 41. d7 c1=Q 42. d8=Q+ Kh7 43. Qd3+ Kh8 44. Qd8+ Kh7 45. Qd3+ Kh8
46. Qd8+ Kh7 47. Qd3+ 1/2-1/2

[Event "Kalamazoo Mini-Swiss.1"]
[Site "Kalamazoo, MI"]
[Date "1998.??.??"]
[Round "?"]
[White "Treacy, Joe"]
[Black "Henderson, H."]
[Result "0-1"]
[WhiteElo "1660"]
[BlackElo "1770"]
[PlyCount "100"]
[EventDate "1998.??.??"]

1. e4 c5 2. d4 cxd4 3. c3 Nf6 4. e5 Nd5 5. cxd4 Nc6 6. Bc4 Nb6 7. Bb3 d5 8. Bg5
Bf5 9. Ne2 Qd7 10. O-O h6 11. Be3 e6 12. Nbc3 Be7 13. Rc1 O-O 14. f4 Rac8 15.
Ng3 Bg6 16. f5 exf5 17. Bc2 Nc4 18. Nxf5 Nxe3 19. Nxe3 Bxc2 20. Rxc2 Nb4 21.
Rcf2 Bg5 22. Nf5 Qd8 23. Nd6 Be3 24. Qb3 Nd3 25. Nd1 Bxf2+ 26. Nxf2 Nxf2 27.
Kxf2 Qh4+ 28. Ke3 Qg5+ 29. Kf3 Rc7 30. g3 Qh5+ 31. Kg2 Qe2+ 32. Rf2 Qe1 33.
Qxd5 Rc1 34. Qf3 Qh1+ 35. Kh3 Qxf3 36. Rxf3 Rd1 37. Rf4 Rd2 38. Re4 Rxb2 39. d5
Rb6 40. Nf5 Rd8 41. e6 fxe6 42. dxe6 Re8 43. Ne3 Rbxe6 44. Rxe6 Rxe6 45. Nc4 b5
46. Na5 Ra6 47. Nb3 Rxa2 48. Nd4 b4 49. Nc6 b3 50. Nb4 a5 0-1

[Event "Kalamazoo Mini-Swiss.1"]
[Site "Kalamazoo, MI"]
[Date "1998.??.??"]
[Round "?"]
[White "Treacy, Joe"]
[Black "Estlick, Laurence"]
[Result "1/2-1/2"]
[WhiteElo "1605"]
[BlackElo "1945"]
[PlyCount "93"]
[EventDate "1998.??.??"]

1. e4 e6 2. d4 d5 3. exd5 exd5 4. Bd3 Nf6 5. Bf4 Be7 6. Nf3 Bg4 7. O-O O-O 8.
Nbd2 Nbd7 9. c3 Re8 10. Re1 Nf8 11. Qc2 Ng6 12. Bg3 Nh5 13. Ne5 Bc8 14. Nxg6
hxg6 15. Be5 Bg4 16. Bxg6 fxg6 17. Qxg6 Bg5 18. Nf3 Re6 19. Qxg5 Bxf3 20. Qxd8+
Rxd8 21. gxf3 c6 22. Re3 Rf8 23. Rae1 Rg6+ 24. Kh1 Nf4 25. Rg1 Rxg1+ 26. Kxg1
Rf5 27. Bxf4 Rxf4 28. Kg2 Rf7 29. Kg3 Kh7 30. Kg4 Kh6 31. Re6+ g6 32. h4 Kg7
33. f4 a6 34. Kg5 Rf5+ 35. Kg4 Rf7 36. Re5 Kf6 37. f3 Rg7 38. b3 Rg8 39. c4
dxc4 40. bxc4 Rg7 41. a4 Rg8 42. d5 cxd5 43. cxd5 Rd8 44. h5 gxh5+ 45. Kxh5 Rd7
46. Kg4 Rg7+ 47. Rg5 {[Remainder illegible]} 1/2-1/2

[Event "Kalamazoo Mini-Swiss.1"]
[Site "Kalamazoo, MI"]
[Date "1998.??.??"]
[Round "?"]
[White "Treacy, Joe"]
[Black "Dorrington, Eldon"]
[Result "1-0"]
[WhiteElo "1660"]
[BlackElo "1690"]
[PlyCount "98"]
[EventDate "1998.??.??"]

1. e4 d5 2. exd5 Nf6 3. Bb5+ Nbd7 4. d4 Nxd5 5. Nf3 c6 6. Be2 e6 7. O-O Be7 8.
c4 N5f6 9. Bf4 O-O 10. Nbd2 Nb6 11. Qc2 c5 12. dxc5 Bxc5 13. Rad1 Qe8 14. Ne5
Bd7 15. Ndf3 Rc8 16. Bd3 h6 17. Qd2 Bc6 18. Bxh6 Nh7 19. Ng5 f5 20. Nxh7 Kxh7
21. Bg5 a5 22. Qf4 Kg8 23. Qh4 Nd7 24. Nxd7 Bxd7 25. Rfe1 e5 26. Be2 Bd4 27.
Bh5 g6 28. Rxd4 gxh5 29. Rd5 e4 30. Bf6 Qf7 31. Qg5+ Kh7 32. Red1 Be6 33. Rd6
Qxf6 34. Rd7+ Bxd7 35. Rxd7+ Qf7 36. Qxh5+ Kg8 37. Qg5+ Kh8 38. Qh6+ Kg8 39.
Rxf7 Rxf7 40. Qg6+ Kf8 41. Qh6+ Ke7 42. Qg5+ Kd7 43. Qd2+ Ke7 44. Qd5 Rc6 45.
Qe5+ Kd7 46. Qd5+ Rd6 47. Qxf7+ Kc6 48. Qd5+ Rxd5 49. cxd5+ Kxd5 1-0